Guess The American Brands! #4 - Statistics

General Stats
  • This quiz has been taken 53 times
  • The average score is 17 of 20
Answer Stats
Picture Answer % Correct
Barbie
100%
Dodge
100%
Monster
100%
Visa
100%
Fedex
98%
History Channel
98%
National Geographic
98%
Paypal
98%
Sprite
98%
American Airlines
92%
Hertz
92%
Intel
92%
IBM
90%
Discovery
88%
Cadillac
86%
Delta
76%
Chrysler
59%
Prince
55%
Netscape
37%
IMDB
35%
No matching quizzes found
Score Distribution
Percent of People with Each Score
Percentile by Number Answered
Your Score History
You have not taken this quiz